000 01021nam a22002657a 4500
005 20220107145812.0
008 220107b2021 my ||||| |||| 00| 0 my d
020 0 0 _a9789677014602
_cRM 24.00
040 _aAKMAL
082 0 0 _a344.5950465 MAL
090 0 0 _a344.5950465
_bMAL
110 1 _aMalaysia
_99380
245 1 0 _aAkta Keselamatan dan Kesihatan Pekerjaan dan peraturan-peraturan :
_bAkta 514 = Occupational Safety and Health Act and regulations : Act 514
246 3 1 _a Occupational Safety and Health Act and regulations : Act 514
260 _a Kuala Lumpur :
_bMDC Publishers,
_c2009
300 _a iv, 362ms. ;
_c27cm
490 1 _aUndang-undang Malaysia
490 1 _aLaws of Malaysia
500 _aTeks sejajar bahasa Malaysia dan Inggeris
650 1 0 _aIndustrial safety
_xLaw and legislation
_zMalaysia
_99381
650 2 0 _aIndustrial hygiene
_xLaw and legislation
_zMalaysia
_99382
830 0 _a UNDANG-UNDANG MALAYSIA
_99383
830 0 _aLaws of Malaysia
_99384
942 _2ddc
_cBOOK
999 _c4927
_d4927